| 000 | 00590cam a2200193 a 4500 | ||
|---|---|---|---|
| 001 | 2936851 | ||
| 005 | 20250520162109.0 | ||
| 008 | 891204s1989 mnua 000 0 eng | ||
| 020 |
_a0884892220 : _c$4.95 |
||
| 050 | 0 | 0 |
_aBX4700.F6 _bS72 1989 |
| 082 | 0 | 0 |
_a271/.302 _220 |
| 100 | 1 | _aStoutzenberger, Joseph. | |
| 245 | 1 | 0 |
_aPraying with Francis of Assisi / _cby Joseph Stoutzenberger and John Bohrer. |
| 260 |
_aWinona, Minn. : _bSaint Mary's Press, _cc1989. |
||
| 300 |
_a105 p. : _bill. ; _c23 cm. |
||
| 440 | 0 | _aCompanions for the journey | |
| 700 | 1 | _aBohrer, John. | |
| 942 |
_2lcc _cBK _n0 |
||
| 999 |
_c5859 _d5859 |
||